[Event "Karlsruhe Grenke op"]
[Site "Karlsruhe"]
[Date "2024.04.01"]
[Round "8"]
[White "Ostrovskiy, Andrey"]
[Black "Knuedel, Torben"]
[Result "0-1"]
[WhiteElo "2420"]
[BlackElo "2299"]
[PlyCount "170"]
[EventDate "2024.03.28"]
[EventType "swiss"]
[EventRounds "9"]
[EventCountry "GER"]
[SourceTitle "CB14_2024"]
[SourceDate "2024.04.01"]
[SourceVersion "1"]
[SourceVersionDate "2024.04.01"]
[SourceQuality "1"]

1. e4 e5 2. Nf3 Nc6 3. Bb5 a6 4. Ba4 Nf6 5. d3 b5 6. Bb3 Be7 7. a4 Bb7 8. 0-0 0-0 9. Nc3 b4 10. Nd5 Na5 11. Ba2 Bxd5 12. Bxd5 Nxd5 13. exd5 Bf6 14. Qe1 Rb8 15. Qe4 c6 16. h4 cxd5 17. Qxd5 Nc6 18. Bg5 h6 19. Bxf6 Qxf6 20. Rfe1 Rfe8 21. Qxd7 Red8 22. Qg4 Nd4 23. Nxd4 Rxd4 24. Qe2 Re8 25. g3 e4 26. Rad1 Re6 27. dxe4 Rxd1 28. Rxd1 Qxb2 29. Qc4 Kh7 30. Kg2 Rf6 31. Rd5 Qa3 32. Qb3 Qxb3 33. cxb3 Rc6 34. Rf5 Kg8 35. h5 Rc3 36. Rf3 Kf8 37. Re3 Rxe3 38. fxe3 Ke7 39. Kf3 Ke6 40. Ke2 g5 41. Kd3 Ke5 42. a5 g4 43. Kc4 Kxe4 44. Kc5 Kxe3 45. Kb6 f5 46. Kxa6 f4 47. Kb6 fxg3 48. a6 g2 49. a7 g1Q 50. a8Q g3 51. Qc6 Qf2 52. Qxh6+ Ke2+ 53. Ka5 g2 54. Qe6+ Kf3 55. Qf5+ Kg3 56. Qe5+ Kh3 57. Qe6+ Kh2 58. Qe5+ Qg3 59. Qe2 Kh3 60. Qe6+ Kh4 61. Qe4+ Kxh5 62. Qe8+ Kg4 63. Qc8+ Kf3 64. Qc6+ Kf2 65. Qc2+ Kg1 66. Qd1+ Kh2 67. Qh5+ Qh3 68. Qe5+ Kh1 69. Qd5 Qg4 70. Ka4 Kh2 71. Qd6+ Kh3 72. Qh6+ Kg3 73. Qe3+ Qf3 74. Qg5+ Kf2 75. Qh4+ Ke3 76. Qe7+ Kd3 77. Qd6+ Kc2 78. Qg6+ Kb2 79. Kxb4 Qxb3+ 80. Ka5 Qd5+ 81. Ka6 Qc4+ 82. Kb7 Qd5+ 83. Ka6 Qa2+ 84. Kb5 Ka1 85. Kc5 Qf2+ 0-1

[Event "Niedersachsen-ch"]
[Site "Verden"]
[Date "2023.01.05"]
[Round "1"]
[White "Helmer, Jan"]
[Black "Knuedel, Torben"]
[Result "1/2-1/2"]
[WhiteElo "2142"]
[BlackElo "2268"]
[PlyCount "69"]
[EventDate "2023.01.05"]
[EventType "swiss"]
[EventRounds "7"]
[EventCountry "GER"]
[SourceTitle "CBM 212 Extra"]
[Source "ChessBase"]
[SourceDate "2023.03.31"]
[SourceVersion "1"]
[SourceVersionDate "2023.03.31"]
[SourceQuality "1"]

1. Nf3 Nf6 2. d4 g6 3. Nc3 d5 4. Bf4 a6 5. e3 Bg7 6. Be2 b6 7. Ne5 Bb7 8. h4 Nbd7 9. h5 Ne4 10. Nxe4 dxe4 11. hxg6 hxg6 12. Rxh8+ Bxh8 13. Bc4 Nxe5 14. Bxe5 Bxe5 15. dxe5 b5 16. Bb3 c5 17. Qxd8+ Rxd8 18. c3 Bd5 19. Bc2 Kd7 20. Rd1 Ke6 21. Bxe4 Kxe5 22. Bxd5 Rxd5 23. f3 f5 24. Ke2 Rxd1 25. Kxd1 Kd5 26. Kd2 e5 27. Ke2 a5 28. Kd2 g5 29. g3 c4 30. a3 Kc5 31. e4 fxe4 32. fxe4 b4 33. a4 g4 34. Ke3 bxc3 35. bxc3 1/2-1/2

[Event "Niedersachsen-ch"]
[Site "Verden"]
[Date "2023.01.05"]
[Round "2"]
[White "Knuedel, Torben"]
[Black "Nuerenberg, Marius"]
[Result "1-0"]
[WhiteElo "2268"]
[BlackElo "1677"]
[PlyCount "103"]
[EventDate "2023.01.05"]
[EventType "swiss"]
[EventRounds "7"]
[EventCountry "GER"]
[SourceTitle "CBM 212 Extra"]
[Source "ChessBase"]
[SourceDate "2023.03.31"]
[SourceVersion "1"]
[SourceVersionDate "2023.03.31"]
[SourceQuality "1"]

1. e4 c5 2. Nf3 d6 3. d4 cxd4 4. Nxd4 Nf6 5. Nc3 a6 6. f4 e6 7. f5 Nc6 8. fxe6 fxe6 9. Nxc6 bxc6 10. Be2 Be7 11. e5 dxe5 12. Bh5+ g6 13. Qxd8+ Bxd8 14. Bf3 Bd7 15. Bh6 Nd5 16. Ne4 Ba5+ 17. c3 Rb8 18. 0-0-0 Bc7 19. c4 Nb6 20. Nf6+ Ke7 21. Bg5 h6 22. Nxd7+ hxg5 23. Nxb8 Bxb8 24. b3 c5 25. g3 Nd7 26. h4 g4 27. Be4 Rg8 28. Kd2 Nf6 29. Ke3 Nh5 30. Rhg1 Bc7 31. Bc6 Bd6 32. Rg2 e4 33. Rdg1 Be5 34. Kxe4 Bd4 35. Rf1 Nf6+ 36. Kd3 Rd8 37. Kc2 Nh5 38. Re1 Rd6 39. Be4 e5 40. Rf1 a5 41. a3 Rf6 42. Rxf6 Kxf6 43. b4 cxb4 44. axb4 axb4 45. Kb3 Bc5 46. Ka4 g5 47. Kb5 Be7 48. c5 gxh4 49. gxh4 g3 50. c6 Ke6 51. c7 Kd7 52. Rc2 1-0

[Event "GER-ch Rapid 48th"]
[Site "Goettingen"]
[Date "2022.09.24"]
[Round "1"]
[White "Knuedel, Torben"]
[Black "Langheinrich, Ferenc"]
[Result "1-0"]
[WhiteElo "2221"]
[BlackElo "2366"]
[PlyCount "59"]
[EventDate "2022.09.24"]
[EventType "swiss (rapid)"]
[EventRounds "9"]
[EventCountry "GER"]
[SourceTitle "CBM 210 Extra"]
[Source "ChessBase"]
[SourceDate "2022.11.30"]
[SourceVersion "1"]
[SourceVersionDate "2022.11.30"]
[SourceQuality "1"]

1. e4 c6 2. d4 d5 3. f3 e6 4. Be3 Nf6 5. e5 Nfd7 6. f4 c5 7. c3 Qb6 8. Qd2 Nc6 9. Nf3 a5 10. Bd3 g6 11. h4 h5 12. Ng5 Be7 13. 0-0 a4 14. Na3 Qa5 15. Qf2 Rb8 16. Nxf7 Kxf7 17. Bxg6+ Kxg6 18. f5+ Kf7 19. fxe6+ Ke8 20. Qf7+ Kd8 21. exd7 Bxd7 22. Bg5 cxd4 23. e6 Be8 24. Qg7 Bxg5 25. hxg5 dxc3 26. Qxh8 Qb6+ 27. Kh1 Qxb2 28. Qf6+ Kc8 29. Qf8 Kc7 30. Rab1 1-0

[Event "GER-ch Rapid 48th"]
[Site "Goettingen"]
[Date "2022.09.24"]
[Round "2"]
[White "Langrock, Hannes"]
[Black "Knuedel, Torben"]
[Result "1-0"]
[WhiteElo "2358"]
[BlackElo "2221"]
[PlyCount "105"]
[EventDate "2022.09.24"]
[EventType "swiss (rapid)"]
[EventRounds "9"]
[EventCountry "GER"]
[SourceTitle "CBM 210 Extra"]
[Source "ChessBase"]
[SourceDate "2022.11.30"]
[SourceVersion "1"]
[SourceVersionDate "2022.11.30"]
[SourceQuality "1"]

1. d4 Nf6 2. Nf3 e6 3. g3 d5 4. Bg2 Be7 5. 0-0 0-0 6. c4 dxc4 7. Qc2 a6 8. a4 Bd7 9. Qxc4 Bc6 10. Bg5 Nbd7 11. Nc3 Nd5 12. Bxe7 Qxe7 13. Rfe1 N7b6 14. Nxd5 Bxd5 15. Qc2 f5 16. a5 Nc4 17. b3 Nd6 18. Ne5 Bxg2 19. Kxg2 f4 20. e3 fxe3 21. Rxe3 Nf5 22. Re4 Qd6 23. Qc4 Rae8 24. Rae1 Qd5 25. Nf3 Qxc4 26. bxc4 Nd6 27. Rxe6 Rxe6 28. Rxe6 Nxc4 29. Re7 Rc8 30. Ng5 Nxa5 31. Ne6 b5 32. Nxg7 Nc6 33. Rd7 Nb8 34. Re7 Nc6 35. Rd7 Nb8 36. Re7 b4 37. Nh5 a5 38. Nf6+ Kf8 39. Rxh7 Rd8 40. Rxc7 b3 41. Rb7 a4 42. h4 Nc6 43. h5 Rd6 44. Ne4 Rxd4 45. h6 Ne5 46. h7 Ng6 47. Ng5 Rd1 48. Rf7+ Ke8 49. Rg7 Nh8 50. Rg8+ Ke7 51. Rxh8 b2 52. Rb8 a3 53. h8Q 1-0

[Event "Braunschweig"]
[Site "Braunschweig"]
[Date "2022.08.01"]
[Round "3"]
[White "Von Mettenheim, Johannes"]
[Black "Knuedel, Torben"]
[Result "1-0"]
[WhiteElo "2253"]
[BlackElo "2210"]
[PlyCount "105"]
[EventDate "2022.07.30"]
[EventType "tourn"]
[EventRounds "9"]
[EventCountry "GER"]
[EventCategory "3"]
[SourceTitle "CBM 209 Extra"]
[Source "ChessBase"]
[SourceDate "2022.09.30"]
[SourceVersion "1"]
[SourceVersionDate "2022.09.30"]
[SourceQuality "1"]

1. d4 Nf6 2. c4 e6 3. g3 d5 4. Bg2 Be7 5. Nf3 0-0 6. Qb3 a6 7. Bf4 Nc6 8. Nbd2 dxc4 9. Qxc4 Nd5 10. 0-0 Nxf4 11. gxf4 Bd7 12. Ne5 Nxe5 13. fxe5 Bb5 14. Qc3 Bxe2 15. Rfe1 Bh5 16. Bxb7 Rb8 17. Bc6 Bb4 18. Qe3 f5 19. exf6 Rxf6 20. a3 Bd6 21. Ne4 Rg6+ 22. Ng3 Qh4 23. Qe4 Qf6 24. Bd7 Bg4 25. b4 Rf8 26. Ra2 Qe7 27. Bc6 Qh4 28. Qg2 Bh3 29. Qe4 Rf4 30. Qd3 Rxd4 31. Qxa6 h5 32. Qc8+ Kh7 33. Rae2 Bxg3 34. fxg3 Rxg3+ 35. Kh1 Rgd3 36. Qxc7 Rd2 37. Rg1 Rd7 38. Qe5 Bg4 39. Be4+ Kh8 40. Qf4 Qf6 41. Qxd2 Rxd2 42. Rxd2 Bf3+ 43. Bxf3 Qxf3+ 44. Rdg2 h4 45. h3 Qxh3+ 46. Rh2 Qf3+ 47. Rgg2 g5 48. a4 h3 49. Rxh3+ Qxh3+ 50. Rh2 Qxh2+ 51. Kxh2 e5 52. a5 e4 53. Kg2 1-0

[Event "GER-chT U20"]
[Site "Kiel"]
[Date "2022.07.26"]
[Round "7.6"]
[White "Goldbeck, Lars"]
[Black "Knuedel, Torben"]
[Result "1/2-1/2"]
[WhiteElo "2228"]
[BlackElo "2210"]
[PlyCount "93"]
[EventDate "2022.07.22"]
[EventType "team-swiss"]
[EventRounds "7"]
[EventCountry "GER"]
[SourceTitle "CBM 209 Extra"]
[Source "ChessBase"]
[SourceDate "2022.09.30"]
[SourceVersion "1"]
[SourceVersionDate "2022.09.30"]
[SourceQuality "1"]
[WhiteTeam "Regensburg Bavaria"]
[BlackTeam "Uelzen Post"]
[WhiteTeamCountry "GER"]
[BlackTeamCountry "GER"]

1. d4 Nf6 2. c4 e6 3. Nc3 Bb4 4. Bd2 0-0 5. e3 d6 6. Bd3 e5 7. Nge2 Re8 8. 0-0 c6 9. Ng3 Nbd7 10. Qc2 Nf8 11. a3 Bxc3 12. Bxc3 h5 13. dxe5 dxe5 14. Rfd1 Qe7 15. Ne4 Nxe4 16. Bxe4 h4 17. h3 Qg5 18. Kh1 Be6 19. b3 Nd7 20. Bb4 Nf6 21. Bd3 Rad8 22. Bc3 Rxd3 23. Qxd3 Bf5 24. Qe2 Ne4 25. Bb4 Re6 26. Ra2 Rg6 27. Qf1 Qh5 28. Rd8+ Kh7 29. Be7 Re6 30. Bf8 Qg5 31. Rb8 Rg6 32. Rxb7 Nc3 33. Rd2 Ne4 34. Rb2 Bxh3 35. gxh3 Qf6 36. Kh2 Ng5 37. f4 e4 38. Rg2 Nf3+ 39. Kh1 Rg3 40. Rxg3 hxg3 41. Kg2 Qg6 42. Be7 f6 43. Bxf6 Qxf6 44. Kxg3 Qh4+ 45. Kg2 Ne1+ 46. Kh2 Nf3+ 47. Kg2 1/2-1/2

[Event "GER-chT U20"]
[Site "Kiel"]
[Date "2022.07.23"]
[Round "1.6"]
[White "Knuedel, Torben"]
[Black "Eurich, Jannik"]
[Result "0-1"]
[WhiteElo "2210"]
[BlackElo "1957"]
[PlyCount "102"]
[EventDate "2022.07.22"]
[EventType "team-swiss"]
[EventRounds "7"]
[EventCountry "GER"]
[SourceTitle "CBM 209 Extra"]
[Source "ChessBase"]
[SourceDate "2022.09.30"]
[SourceVersion "1"]
[SourceVersionDate "2022.09.30"]
[SourceQuality "1"]
[WhiteTeam "Uelzen Post"]
[BlackTeam "Langen"]
[WhiteTeamCountry "GER"]
[BlackTeamCountry "GER"]

1. e4 c5 2. Nf3 d6 3. d4 cxd4 4. Nxd4 Nf6 5. Nc3 a6 6. Bg5 Nbd7 7. Qe2 h6 8. Bxf6 Nxf6 9. 0-0-0 Qa5 10. Kb1 g6 11. Nb3 Qc7 12. Qe3 Bg7 13. Be2 b5 14. f4 0-0 15. e5 dxe5 16. fxe5 Ng4 17. Qe4 Bf5 18. Nd5 Bxe4 19. Nxc7 Rac8 20. Bxg4 Rxc7 21. Nd4 Bxg2 22. Rhg1 Bb7 23. e6 f5 24. Be2 Bxd4 25. Rxd4 Kg7 26. Bh5 g5 27. a4 Be4 28. Rc1 Rfc8 29. axb5 axb5 30. Bd1 Kf6 31. Rb4 Rc5 32. b3 Kxe6 33. Kb2 Rd8 34. Be2 Rd2 35. Bxb5 Rcxc2+ 36. Rxc2 Rxc2+ 37. Ka3 Rxh2 38. Bc4+ Ke5 39. Rb6 g4 40. Rg6 Kf4 41. b4 g3 42. Bf1 g2 43. Bxg2 Bxg2 44. b5 Be4 45. b6 e5 46. Rg1 Rg2 47. Rf1+ Ke3 48. Kb4 f4 49. Kc5 f3 50. Kd6 f2 51. Kxe5 Rg1 0-1

[Event "Reinstorf Blitz op"]
[Site "Reinstorf"]
[Date "2022.02.04"]
[Round "1"]
[White "Knuedel, Torben"]
[Black "Sreyas, Payyappat"]
[Result "0-1"]
[WhiteElo "2197"]
[BlackElo "2184"]
[PlyCount "122"]
[EventDate "2022.01.29"]
[EventType "swiss (blitz)"]
[EventRounds "9"]
[EventCountry "GER"]
[SourceTitle "CBM 206 Extra"]
[Source "ChessBase"]
[SourceDate "2022.03.31"]
[SourceVersion "1"]
[SourceVersionDate "2022.03.31"]
[SourceQuality "1"]

1. e4 c6 2. d4 d5 3. f3 dxe4 4. fxe4 e5 5. Nf3 exd4 6. Bc4 Bc5 7. 0-0 Nf6 8. Bg5 h6 9. Bh4 g5 10. Nxg5 hxg5 11. Bxg5 d3+ 12. Kh1 Be7 13. e5 Nd5 14. Qf3 Be6 15. Bxe7 Qxe7 16. cxd3 Nd7 17. Nd2 Nxe5 18. Qg3 Ng4 19. h3 Nge3 20. Rfe1 Nxc4 21. dxc4 Nc7 22. Ne4 0-0-0 23. c5 Rdg8 24. Qf4 Bxh3 25. Nd6+ Kd8 26. Nxb7+ Kc8 27. Nd6+ Qxd6 28. cxd6 Bxg2+ 29. Kg1 Bd5+ 30. Kf2 Rg2+ 31. Ke3 Rh3+ 32. Kd4 c5+ 33. Kxc5 Rc2+ 34. Kd4 Rc4+ 35. Ke5 Rxf4 36. Kxf4 Ne6+ 37. Ke5 Rh5+ 38. Kf6 Kd7 39. Rad1 Kxd6 40. Kxf7 Nf4+ 41. Kf6 Ng2 42. Re6+ Kc5 43. Re5 Rxe5 44. Kxe5 Ne3 45. Rc1+ Nc4+ 46. Kf4 Kb4 47. Rc3 Nxb2 48. Rg3 Bxa2 49. Ke3 Nc4+ 50. Kd3 Bb1+ 51. Kd4 a5 52. Rg8 Ba2 53. Rb8+ Ka3 54. Kc3 Nd6 55. Rb6 Ne4+ 56. Kd4 Nd2 57. Kc3 Nb3 58. Rb8 a4 59. Rb5 Nc1 60. Re5 Bb3 61. Re1 Na2+ 0-1

[Event "Bremen Silvester op"]
[Site "Bremen"]
[Date "2021.12.27"]
[Round "1"]
[White "Grabowski, Petra"]
[Black "Knuedel, Torben"]
[Result "0-1"]
[WhiteElo "1619"]
[BlackElo "2187"]
[PlyCount "132"]
[EventDate "2021.12.21"]
[EventType "swiss"]
[EventRounds "7"]
[EventCountry "GER"]
[SourceTitle "CBM 205 Extra"]
[Source "ChessBase"]
[SourceDate "2022.01.31"]
[SourceVersion "1"]
[SourceVersionDate "2022.01.31"]
[SourceQuality "1"]

1. d4 Nf6 2. Nf3 d5 3. c4 e6 4. Bg5 h6 5. Bxf6 Qxf6 6. e3 c6 7. Nc3 Bb4 8. Rc1 0-0 9. a3 Bxc3+ 10. Rxc3 Nd7 11. cxd5 exd5 12. Bd3 Re8 13. 0-0 Nb6 14. Ne5 Bf5 15. Qf3 Bxd3 16. Qxf6 gxf6 17. Nxd3 Nc4 18. a4 a5 19. b3 Nd6 20. Rfc1 Kg7 21. Nc5 Re7 22. Re1 f5 23. Nd3 Ne4 24. Rc2 Rae8 25. f3 Ng5 26. Kf2 Ne6 27. Rce2 f6 28. g3 Kf7 29. f4 Nc7 30. Nc5 Na8 31. Rc2 Nb6 32. h3 Nc8 33. Nd3 Nd6 34. Kf3 h5 35. h4 Rg8 36. Rg1 Ke8 37. Nf2 Kd7 38. Rc5 Rge8 39. Re1 Ra8 40. Rec1 Rg7 41. Rg1 Ra6 42. Rb1 Rb6 43. Rcc1 Rg8 44. Nd3 Ne4 45. Nc5+ Kd6 46. Nxe4+ fxe4+ 47. Kf2 Ke6 48. Rc5 Ra8 49. Rc3 Rb4 50. Rg1 Kf5 51. Rb1 Ra6 52. Rc5 Rab6 53. Rxa5 Rxb3 54. Rxb3 Rxb3 55. Ra8 Rb2+ 56. Kf1 Kg4 57. Rg8+ Kf3 58. Kg1 f5 59. g4 hxg4 60. h5 g3 61. Rxg3+ Kxg3 62. Kf1 Kf3 63. Kg1 Rg2+ 64. Kh1 Kg3 65. a5 Re2 66. h6 Re1# 0-1

[Event "GER-ch U18"]
[Site "Willingen"]
[Date "2021.08.25"]
[Round "4"]
[White "Knuedel, Torben"]
[Black "Popist, Florian"]
[Result "1-0"]
[WhiteElo "2171"]
[BlackElo "2077"]
[PlyCount "85"]
[EventDate "2021.08.22"]
[EventType "swiss"]
[EventRounds "9"]
[EventCountry "GER"]
[SourceTitle "EXT 2022"]
[Source "ChessBase"]
[SourceDate "2021.10.06"]
[SourceVersion "1"]
[SourceVersionDate "2021.10.06"]
[SourceQuality "1"]

1. e4 c5 2. Nf3 Nc6 3. d4 cxd4 4. Nxd4 g6 5. Nc3 Bg7 6. Be3 Nf6 7. Bc4 0-0 8. Bb3 Re8 9. f3 e6 10. f4 Ng4 11. Qxg4 Nxd4 12. Qd1 Nxb3 13. axb3 d5 14. e5 b6 15. 0-0 Bd7 16. Qd2 Qc7 17. Bd4 Rec8 18. f5 Bxe5 19. Bxe5 Qxe5 20. Rae1 Qc7 21. Kh1 Qc5 22. Rf3 exf5 23. Nxd5 Be6 24. Nf6+ Kg7 25. Qg5 Qd4 26. Nh5+ Kf8 27. Qh6+ Ke7 28. Rd3 Qh8 29. Qg5+ Kf8 30. Rxe6 Re8 31. Rxe8+ Rxe8 32. Rd8 Qxb2 33. Qh6+ Ke7 34. Qg5+ Kf8 35. Qh6+ Ke7 36. Rd1 Qxc2 37. Qg5+ Kf8 38. Qh6+ Ke7 39. Re1+ Kd8 40. Qg5+ f6 41. Qxf6+ Kd7 42. Qf7+ Kd6 43. Qxe8 1-0

[Event "GER-chT Christmas U20"]
[Site "Playchess.com INT"]
[Date "2020.12.29"]
[Round "1.1"]
[White "Knuedel, Torben"]
[Black "Kamp, Aaron"]
[Result "1-0"]
[WhiteElo "2204"]
[BlackElo "1771"]
[PlyCount "65"]
[EventDate "2020.12.29"]
[EventType "team-swiss (blitz)"]
[EventRounds "7"]
[EventCountry "GER"]
[SourceTitle "CBM 200 Extra"]
[Source "ChessBase"]
[SourceDate "2021.03.31"]
[SourceVersion "1"]
[SourceVersionDate "2021.03.31"]
[SourceQuality "1"]
[WhiteTeam "Uelzen Post"]
[BlackTeam "Muenster II"]
[WhiteTeamCountry "GER"]
[BlackTeamCountry "GER"]

1. e4 c5 2. Nf3 d6 3. Nc3 Nc6 4. d4 cxd4 5. Nxd4 g6 6. Nxc6 bxc6 7. Qd4 Nf6 8. e5 dxe5 9. Qxd8+ Kxd8 10. Bg5 Bg4 11. f3 Be6 12. Be2 h6 13. Bh4 Rb8 14. Bf2 Rxb2 15. 0-0-0+ Nd7 16. Kxb2 Kc7 17. f4 Bg7 18. fxe5 Nxe5 19. Bd4 Rb8+ 20. Ka3 c5 21. Bxe5+ Bxe5 22. Nb5+ Kc6 23. Rb1 Rb6 24. Nxa7+ Kb7 25. Rxb6+ Kxb6 26. Nb5 c4 27. Rb1 Ka5 28. c3 Bf5 29. Rb4 Bc2 30. Bxc4 Bf4 31. Kb2 Ba4 32. Nd4 Bd6 33. Nb3+ 1-0